Piaget y Vigotski ante el siglo XXI : (Registro nro. 33298)
[ vista simple ]
| 000 -CABECERA | |
|---|---|
| Longitud fija campo de control | 01296nam a2200277 a 4500 |
| 003 - • IDENTIFICADOR DELl NÚMERO DE CONTROL | |
| Identificador del número de control | CO-ViMGA |
| 005 - • FECHA Y HORA DE LA ÚLTIMA TRANSACCIÓN | |
| Fecha y hora de la última transacción | 20230915232145.0 |
| 008 - • CÓDIGOS DE INFORMACIÓN DE LONGITUD FIJA | |
| Códigos de información de longitud fija | 141112s2004 ck r 000 u spa d |
| 020 ## - • NÚMERO INTERNACIONAL NORMALIZADO PARA LIBROS | |
| Número Internacional Normalizado para Libros (ISBN) | 8485840801 |
| 040 ## - FUENTE DE LA CATALOGACIÓN | |
| Centro catalogador de origen | CO-ViMGA |
| Lengua de catalogación | spa |
| Centro transcriptor | CO-ViMGA |
| 041 ## - • CÓDIGO DE LENGUA | |
| Código de lengua del texto/banda sonora o título independiente | spa |
| 082 04 - • NÚMERO DE LA CLASIFICACIÓN DECIMAL DEWEY | |
| Número de clasificación (R) | 370.15 S45p1 |
| 111 ## - • PUNTO DE ACCESO PRINCIPAL-NOMBRE DE CONGRESO | |
| Nombre de congreso o jurisdicción como elemento de entrada | Simposio en Conmemoración del Nacimiento de Jean Piaget y Lev S. Vigotski ( : 1996 : Girona) |
| 245 10 - • TITULO PROPIAMENTE DICHO | |
| Título | Piaget y Vigotski ante el siglo XXI : |
| Resto del título | referentes de actualidad / |
| Mención de responsabilidad, etc. | simposio en conmemoración del nacimiento de Jean Piaget y Lev S. Vigotski, Gerona, 1996 ; Jean Paul Bronckart ... [et al.] ; Silvia Aznar, Elisabet Serrat (coords.). |
| 300 ## - • DESCRIPCIÓN FÍSICA | |
| Extensión | 130 p. : il. ; 23 cm. |
| 490 ## - • MENCIÓN DE SERIE | |
| Mención de serie | Cuadernos para el análisis ; 13 |
| 600 ## - • PUNTO DE ACCESO ADICIONAL DE MATERIA - NOMBRE DE PERSONA | |
| Nombre de persona | Piaget, Jean, 1896 - 1980 Crítica e interpretación. |
| 650 14 - • PUNTO DE ACCESO ADICIONAL DE MATERIA - TÉRMINO DE MATERIA | |
| Término de materia o nombre geográfico como elemento inicial | Teoría del conocimiento - Congresos, conferencias, etc.. |
| 700 1# - • PUNTO DE ACCESO ADICIONAL - NOMBRE DE PERSONA | |
| Nombre de persona | Bronckart, J. P., 1946 - |
| 942 ## - ENTRADA DE ELEMENTOS AGREGADOS (KOHA) | |
| Fuente de clasificaión o esquema | Dewey Decimal Classification |
| Koha [por defecto] tipo de item | LIbro |
| 949 ## - TRATAMIENTO DE LA INFORMACIÓN LOCAL (OCLC) | |
| a | n n |
| Perdido | Fuente de clasificación o esquema | Estado Físico | No para préstamo | Forma de adquisición | Localización permanente | Localización actual | Fecha adquisición | Serie de enumeración / cronolog&íacute;a | Préstamos totales | Signatura completa | Código de barras | Fecha última consulta | Número de copia | Fecha del precio de reemplazo | Tipo de item de Koha |
|---|---|---|---|---|---|---|---|---|---|---|---|---|---|---|---|
| Dewey Decimal Classification | Sala General Segundo Piso | Biblioteca Pública Germán Arciniegas - Villavicencio | Biblioteca Pública Germán Arciniegas - Villavicencio | 12/04/2015 | 13/nov/2014 | 370.15 S45p1 | 27459 | 08/28/2017 | Ej. 1 | 12/04/2015 | LIbro |